[Event "SUI-ch Seniors"]
[Site "Leukerbad"]
[Date "2007.??.??"]
[Round "1"]
[White "Castagna, Renzo"]
[Black "Wiser, Hans Rudolf"]
[Result "1-0"]
[WhiteElo "2184"]
[BlackElo "1911"]
[PlyCount "47"]
[EventDate "2007.07.??"]
[EventType "swiss"]
[EventRounds "9"]
[EventCountry "SUI"]
[SourceTitle "EXT 2010"]
[Source "ChessBase"]
[SourceDate "2010.11.25"]
[SourceVersion "1"]
[SourceVersionDate "2010.11.25"]
[SourceQuality "1"]

1. d4 Nf6 2. Nf3 d5 3. g3 c6 4. Bg2 g6 5. 0-0 Bg7 6. Nbd2 0-0 7. c4 Nbd7 8. h3 Qc7 9. Qc2 Nb6 10. cxd5 Nbxd5 11. a3 Nh5 12. e4 Ndf4 13. gxf4 Nxf4 14. Nc4 Nxh3+ 15. Kh1 c5 16. Nce5 b6 17. Be3 Bxe5 18. dxe5 Bg4 19. Qc3 e6 20. Nh2 h5 21. f3 Kg7 22. fxg4 hxg4 23. Bxh3 gxh3 24. Bg5 1-0